000
00323nam a2200145Ia 4500
005
20260328101446.0
008
260328s9999||||xx |||||||||||||| ||und||
100
_a
Berger, John
245
0
_a
Modos de ver /
_c
John Berger
250
_a
5a ed.
260
_b
Gustavo Gili
300
_a
177 p.
650
_a
ARTE
942
_c
BK
999
_c
8463
_d
8463